Příručka pro podnikovou praxi

Gespeichert in:
Bibliographische Detailangaben
1. Verfasser: Pospíšilová, Alena
Format: Buch
Sprache:Tschechisch
Veröffentlicht: Praha Státní nakladatelství technické literatury 1986
Tags: Tag hinzufügen
Keine Tags, Fügen Sie das erste Tag hinzu!

MARC

LEADER 00000nam a2200000 4500
001 c039387
005 20250930081315.9
041 0 |a cze 
044 |a CZ 
245 1 0 |a Příručka pro podnikovou praxi  |c Alena Pospíšilová a kol. 
264 1 |a Praha  |b Státní nakladatelství technické literatury  |c 1986 
300 |a 200 s. 
100 1 |a Pospíšilová, Alena